Biblioteca

Crimen y castigo en la Iglesia (Registro nro. 69597)

Detalles MARC
000 -LÍDER
Campo fijo de descripción fija 01161nab a2200205 i 4500
001 - NÚMERO DE CONTROL
Campo de control 768714001
003 - IDENTIFICADOR DEL NÚMERO DE CONTROL
Campo de control CO-MdFUSB
005 - FECHA Y HORA DE LA ULTIMA TRANSACCIÓN
control field 20240508121118.0
008 - ELEMENTOS DE LONGITUD FIJA -- INFORMACIÓN GENERAL
Campo fijo de descripción fija -- Información general 240508t1967 sp ||||| |||| 00| 0 spa d
040 ## - FUENTE DE CATALOGACIÓN
Idioma de catalogación spa
Agencia que realiza la transcripción CO-MdFUSB
Agencia que realiza la modificación CO-MdFUSB
041 ## - CÓDIGO DE IDIOMA
Código de idioma para texto/pista de sonido o título separado spa
100 ## - ASIENTO PRINCIPAL--NOMBRE PERSONAL
Nombre personal Huizing, Petrus,
Término relacionador autor
245 ## - TÍTULO
Título Crimen y castigo en la Iglesia
Mención de responsabilidad / Petrus Huizing
520 ## - NOTA DE RESUMEN, ETC.
Nota de sumario, etc. Todos los autores que tratan en general de la revisión del derecho canónico subrayan la necesidad de una total refundición del libro V, el Código penal (De delictis et poenis). Afirman en particular que debería ser radicalmente simplificado. Existen, sin embargo, pocas publicaciones que traten específicamente de la revisión del Código penal. Las páginas siguientes presentan un análisis crítico de los problemas básicos que en tales estudios se suscitan.
650 #7 - ASIENTO SECUNDARIO DE MATERIA - TERMINO TEMÁTICO
Término temático o nombre geográfico como elemento de entrada Iglesia
9 (RLIN) 655
653 ## - TÉRMINO DE INDIZACIÓN - NO CONTROLADO
Término no controlado Derecho canónico
773 0# - ASIENTO DE ITEM FUENTE
Biblionumber 49450
Itemnumber 82588
Otro identificador del ítem R2518
Título Revista internacional de teología Concilium
Número de control del registro (CO-MdFUSB)8
Número Internacional Normalizado para Publicaciones Seriadas (ISSN) 0210-1041
Parte(s) relacionada(s) / Volumen., número. (mes año), páginas Número 28, (septiembre - octubre, 1967), páginas: 304 -317
Enumeración y primera página página: 304
942 ## - TIPO DE MATERIAL (KOHA)
Tipo de Item KOHA Artículos de Revista
945 ## - INFORMACIÓN LOCAL DEL REGISTRO
Catalogador Catherine Arias Alvarez - Practicante SENA

No hay ítems disponibles.

Biblioteca FUSBC | Teléfono: (57+4) 349 88 10 Ext. 141| WhatsApp (+57) 3005338115 
E-mail: biblioteca@unisbc.edu.co | Calle 76 87-14 Robledo Palenque, Medellín, Colombia

Con tecnología Koha